Desigualdad y concentración de depósitos bancarios en la Argentina (Registro nro. 15165)

Detalles MARC
000 -LEADER
fixed length control field 00382 a2200121 4500
001 - CONTROL NUMBER
control field ART_17864
005 - DATE AND TIME OF LATEST TRANSACTION
control field 20260410161701.0
008 - FIXED-LENGTH DATA ELEMENTS--GENERAL INFORMATION
fixed length control field 260409a
100 1# - MAIN ENTRY--PERSONAL NAME
Personal name Diéguez, Héctor L.
245 10 - TITLE STATEMENT
Title Desigualdad y concentración de depósitos bancarios en la Argentina
700 1# - ADDED ENTRY--PERSONAL NAME
Personal name Petrecolla, Alberto
773 0# - HOST ITEM ENTRY
Title Ensayos Económicos
Related parts - Nº 9 (mar. 1979)
Record control number REV620

No hay ítems disponibles.